• 首页
  • 本馆介绍
  • 公告通知
  • 最新文献
  • 馆藏检索
  • 电子资源
  • 读者导购
  • 参考咨询
  • 我的图书馆
  • 登录
  • 详细信息显示
  • 放入我的书架
  • 预约/预借图书
  • 作者相关作品
  • 分类相关作品
  • 丛书相关作品
  • 出版社相关作品

书目信息

  • 表格格式
  • 工作单格式
  • 卡片格式
题名:
富爸爸穷爸爸
    
 
作者: 清崎 著 ;萧明 译
分册:  
出版信息: 成都   四川人民出版社  2017
页数: 352页
开本: 22cm
丛书名: 富爸爸财商教育系列
单 册:
中图分类: F830.59-49
科图分类:
主题词: 私人投资--通俗读物
电子资源:
ISBN: 978-7-220-10291-2
000 01777oam2 2200313 450
001 012001001800
005 20180925093344.76
010    @a978-7-220-10291-2@dCNY48.00
100    @a20171222d2017 em y0chiy50 ea
101 1  @achi@ceng
102    @aCN@b510000
105    @aa z 000yy
106    @ar
200 1  @a富爸爸穷爸爸@9fu ba ba qiong ba ba@f(美)罗伯特·清崎著@g萧明译
205    @a20周年修订版
210    @a成都@c四川人民出版社@d2017
215    @a352页@c图@d22cm
225 2  @a富爸爸财商教育系列
312    @a封底题英文并列题名:Rich dad poor dad
314    @a罗伯特·清崎,出生在夏威夷一个教师家庭,大学毕业后加入美国海军陆战队,作为军官和舰载武装直升机飞行员,被派往越南战场。1977年,罗伯特·清崎创建了一家生产尼龙钱包的公司,开始自己的商业生涯,大获成功。他经历了三次商海沉浮。1985年,第三次成为百万富翁后,他离开商界,与人创建了一家生意投资公司,在全世界范围内教授生意和投资课程,还发明了一种教育玩具——《富爸爸现金流》游戏,帮助人们学会原本只有富人才懂得的金钱游戏。
330    @a清崎有两个爸爸:“穷爸爸”是他的亲生父亲,一个高学历的教育官员;“富爸爸”是他好朋友的父亲,一个高中没毕业却善于投资理财的企业家。清崎遵从“穷爸爸”为他设计的人生道路:上大学,服兵役,参加越战,走过了平凡的人生初期。直到1977年,清崎亲眼目睹一生辛劳的“穷爸爸”失了业,“富爸爸”则成了夏威夷的有钱人。清崎毅然追寻“富爸爸”的脚步,踏入商界,从此登上了致富快车。清崎以亲身经历的财富故事展示了“穷爸爸”和“富爸爸”截然不同的金钱观和财富观:穷人为钱工作,富人让钱为自己工作!
461  0 @12001 @a富爸爸财商教育系列
510 1  @aRich dad poor dad@zeng
606 0  @a私人投资@j通俗读物
690    @aF830.59-49@v5
701  1 @c(美)@a清崎@9qing qi@c(Kiyosaki, Robert T.)@4著
702  0 @a萧明@9xiao ming@4译
801  0 @aCN@b上海新华@c20180901
905    @b1152307-10,4311@dF830.59-49@e426=2@f5
    
    富爸爸穷爸爸/(美)罗伯特·清崎著/萧明译.-20周年修订版.-成都:四川人民出版社,2017
    352页:图;22cm.-(富爸爸财商教育系列)
    
    
    ISBN 978-7-220-10291-2:CNY48.00
    清崎有两个爸爸:“穷爸爸”是他的亲生父亲,一个高学历的教育官员;“富爸爸”是他好朋友的父亲,一个高中没毕业却善于投资理财的企业家。清崎遵从“穷爸爸”为他设计的人生道路:上大学,服兵役,参加越战,走过了平凡的人生初期。直到1977年,清崎亲眼目睹一生辛劳的“穷爸爸”失了业,“富爸爸”则成了夏威夷的有钱人。清崎毅然追寻“富爸爸”的脚步,踏入商界,从此登上了致富快车。清崎以亲身经历的财富故事展示了“穷爸爸”和“富爸爸”截然不同的金钱观和财富观:穷人为钱工作,富人让钱为自己工作!
●
相关链接 在E读中查询图书 在五车中查询图书 在当当中查询图书 在豆瓣中查询图书


正题名:富爸爸穷爸爸     索取号:F830.59-49/426=2         预约/预借

序号 登录号 条形码 馆藏地/架位号 状态 备注
1 1152307   211523074   第一样本阅览室/ [索取号:F830.59-49/426=2] 在馆    
2 1152308   211523083   第一借阅区/ [索取号:F830.59-49/426=2] 已借出,限还日期为2023.10.30
借出人:丁囡  
 
3 1152309   211523092   第一借阅区/ [索取号:F830.59-49/426=2] 在馆    
4 1152310   211523109   第一借阅区/ [索取号:F830.59-49/426=2] 已借出,限还日期为2026.05.07
借出人:陈思彤  
 
5 1154311   211523118   密集书库-海洋学院/ [索取号:F830.59-49/426=2] 在馆    
欢迎您!
大连网信软件有限公司© 版权所有